[Event "BL 9394 Castrop Rauxel-München 36"]
[Site "?"]
[Date "1994.??.??"]
[Round "?.5"]
[White "Pezerovic, E."]
[Black "Sehner, N."]
[Result "1-0"]
[WhiteElo "2395"]
[BlackElo "2415"]
[PlyCount "39"]
[EventDate "1994.??.??"]

1. Nf3 d5 2. d4 c6 3. Bf4 Qb6 4. Qc1 Bf5 5. e3 e6 6. Be2 Nf6 7. O-O Nbd7 8. c4
dxc4 9. Nbd2 Nd5 10. Bg3 c3 11. bxc3 Qa5 12. e4 Nxc3 13. Bd3 Ba3 14. Qc2 Bg6
15. Nc4 Qb4 16. Bd6 c5 17. Rab1 Nxb1 18. Rxb1 b5 19. Rxb4 Bxb4 20. Nce5 1-0

[Event "BL 9394 Castrop Rauxel-München 36"]
[Site "?"]
[Date "1994.??.??"]
[Round "?.6"]
[White "Libeau, R."]
[Black "Reich, T."]
[Result "1/2-1/2"]
[WhiteElo "2445"]
[BlackElo "2385"]
[PlyCount "120"]
[EventDate "1994.??.??"]

1. c4 Nf6 2. Nc3 d6 3. g3 g6 4. Bg2 Bg7 5. Nf3 O-O 6. O-O c6 7. d4 Nbd7 8. d5
cxd5 9. cxd5 Nc5 10. Nd4 a5 11. a4 Qb6 12. Ndb5 Bd7 13. Be3 Rfc8 14. h3 Be8 15.
Rb1 Nfd7 16. f4 Qd8 17. b3 Nf6 18. Rc1 Bxb5 19. Nxb5 Nce4 20. Kh2 Rxc1 21. Bxc1
Rc8 22. Qd3 Nc3 23. Bd2 Nxb5 24. Qxb5 b6 25. Rc1 Rxc1 26. Bxc1 Nd7 27. Be4 h5
28. Qc6 Bf6 29. Bc2 Nc5 30. Bd2 Bd4 31. Kg2 Bf6 32. Be3 Kg7 33. Bf2 Bb2 34. g4
hxg4 35. hxg4 e6 36. dxe6 Nxe6 37. e3 Nc5 38. Qd5 Qe7 39. Kf3 Nd7 40. g5 Nc5
41. e4 Nd7 42. Bd3 Nc5 43. Bc4 Kg8 44. f5 Nd7 45. Bg3 Ne5+ 46. Bxe5 Bxe5 47.
fxg6 Qd7 48. gxf7+ Kg7 49. Kf2 Qc8 50. Qe6 Qxe6 51. Bxe6 Bf4 52. g6 Bh6 53. Bf5
Kf6 54. Kf3 Bg7 55. Ke3 d5 56. Kd4 dxe4 57. Bxe4 Bf8 58. Kd5 Kg7 59. Kc6 Bc5
60. Kb5 Kf8 1/2-1/2

[Event "BL 9394 Castrop Rauxel-München 36"]
[Site "?"]
[Date "1994.??.??"]
[Round "?.7"]
[White "Geisler, F."]
[Black "Dinstuhl, V."]
[Result "0-1"]
[WhiteElo "2265"]
[BlackElo "2365"]
[PlyCount "70"]
[EventDate "1994.??.??"]

1. e4 c5 2. Nf3 d6 3. d4 cxd4 4. Nxd4 Nf6 5. Nc3 a6 6. Be2 e5 7. Nb3 Be7 8. O-O
Be6 9. Be3 Nbd7 10. a4 Rc8 11. Qd2 Nb6 12. a5 Nc4 13. Bxc4 Rxc4 14. Bb6 Qc8 15.
f3 O-O 16. Rf2 Nd7 17. Be3 f5 18. exf5 Rxf5 19. Nd5 Bd8 20. Rd1 Rf7 21. Na1 Ra4
22. Nc3 Bxa5 23. Qxd6 Nf8 24. Nxa4 Rd7 25. Nc5 Rxd6 26. Rxd6 Bb4 27. Rxe6 Nxe6
28. Nxe6 Qxe6 29. Nb3 Qd5 30. Rf1 a5 31. Nc1 Bd2 32. Bf2 Bxc1 33. Rxc1 Qd2 34.
Re1 Qxc2 35. Rxe5 Qxb2 0-1

[Event "BL 9394 Castrop Rauxel-München 36"]
[Site "?"]
[Date "1994.??.??"]
[Round "?.8"]
[White "Hermesmann, H."]
[Black "Sandor, C."]
[Result "1-0"]
[WhiteElo "2295"]
[BlackElo "2340"]
[PlyCount "97"]
[EventDate "1994.??.??"]

1. d4 Nf6 2. c4 c5 3. d5 b5 4. cxb5 a6 5. b6 d6 6. Nc3 Nbd7 7. e4 Rb8 8. Nf3 g6
9. h3 Bg7 10. Bd3 O-O 11. O-O Nxb6 12. Re1 Ne8 13. Bg5 Nd7 14. Qd2 Ne5 15. Nxe5
Bxe5 16. Re2 Nf6 17. Rf1 Qb6 18. Kh1 Bd7 19. Bh6 Rfe8 20. f4 Bd4 21. e5 Nh5 22.
Qe1 Qb7 23. Kh2 Bxc3 24. Qxc3 Qxd5 25. g4 Rb4 26. gxh5 Rd4 27. Bc2 Bb5 28. Bb3
Qc6 29. e6 f6 30. Qg3 Rd3 31. Qg4 f5 32. Qg5 Rxh3+ 33. Kxh3 Bxe2 34. Rg1 Bg4+
35. Kh2 Qf3 36. Rg3 Qe2+ 37. Rg2 Qe3 38. Qh4 c4 39. Ba4 Rb8 40. hxg6 hxg6 41.
Bd7 c3 42. b3 Rb4 43. Bg5 Bh5 44. Bxe7 Rd4 45. Bxd6 Rxd6 46. Qd8+ Kg7 47. Qe7+
Kh6 48. Qxd6 Bg4 49. Qe5 1-0

[Event "BL 9394 Bochum-Bayern"]
[Site "?"]
[Date "1994.??.??"]
[Round "?.3"]
[White "Kindermann, S."]
[Black "Schulz, KJ."]
[Result "1-0"]
[WhiteElo "2535"]
[BlackElo "2420"]
[PlyCount "61"]
[EventDate "1994.??.??"]

1. e4 c5 2. Nf3 e6 3. d4 cxd4 4. Nxd4 Nf6 5. Nc3 d6 6. g4 a6 7. g5 Nfd7 8. Be3
Be7 9. h4 Nc6 10. Qd2 O-O 11. O-O-O Nxd4 12. Bxd4 b5 13. Kb1 Nc5 14. a3 Bb7 15.
Bg2 Qe8 16. Qe2 Bc6 17. f4 Qc8 18. h5 Qb7 19. g6 h6 20. Rhg1 fxg6 21. Bh3 Rxf4
22. Bxc5 dxc5 23. Bxe6+ Kh8 24. Nd5 Rh4 25. Rxg6 Be8 26. Qg2 Bxg6 27. Qxg6 Rf8
28. Bf5 Rxf5 29. exf5 Bg5 30. f6 Qd7 31. Re1 1-0

[Event "BL 9394 Bochum-Bayern"]
[Site "?"]
[Date "1994.??.??"]
[Round "?.4"]
[White "Backwinkel, P."]
[Black "Boensch, U."]
[Result "1-0"]
[WhiteElo "2410"]
[BlackElo "2535"]
[PlyCount "87"]
[EventDate "1994.??.??"]

1. d4 e6 2. Nf3 c5 3. c3 Nf6 4. Bg5 h6 5. Bxf6 Qxf6 6. e4 Qd8 7. d5 exd5 8.
Qxd5 Nc6 9. Bc4 Qe7 10. Nbd2 d6 11. O-O Be6 12. Qd3 g5 13. Bxe6 fxe6 14. Nc4
O-O-O 15. b4 g4 16. b5 Nb8 17. Nfd2 Qh7 18. Ne3 h5 19. Qc4 Qe7 20. Qa4 b6 21.
Rad1 Rg8 22. Ndc4 Qb7 23. Rd2 h4 24. Qc2 Qc7 25. Qd1 h3 26. g3 Qh7 27. Qa4 Qc7
28. Rfd1 Rd7 29. Rd3 Be7 30. R1d2 Rg5 31. Qd1 Qb7 32. Nxd6+ Bxd6 33. Rxd6 Rxd6
34. Rxd6 Qxe4 35. Rd8+ Kb7 36. Rxb8+ Kxb8 37. Qd8+ Kb7 38. Qxg5 Qb1+ 39. Nf1
Qe4 40. Qe7+ Kc8 41. Qe8+ Kc7 42. Qc6+ Qxc6 43. bxc6 Kxc6 44. Ne3 1-0

[Event "BL 9394 Bochum-Bayern"]
[Site "?"]
[Date "1994.??.??"]
[Round "?.5"]
[White "Stangl, M."]
[Black "Jackelen, T."]
[Result "1-0"]
[WhiteElo "2540"]
[BlackElo "2425"]
[PlyCount "115"]
[EventDate "1994.??.??"]

1. e4 d5 2. exd5 Qxd5 3. Nc3 Qa5 4. d4 c6 5. Nf3 Bf5 6. Bc4 Nf6 7. Bd2 e6 8.
Qe2 Bb4 9. O-O-O Nbd7 10. Kb1 Nb6 11. Bb3 Nbd5 12. Nh4 Bg4 13. f3 Bxc3 14. bxc3
Bh5 15. Kb2 Qc7 16. c4 Ne7 17. g3 O-O 18. Qe5 Rfe8 19. Bf4 Qb6 20. Bg5 Ng6 21.
Nxg6 Bxg6 22. Bxf6 gxf6 23. Qxf6 Qd8 24. Qxd8 Rexd8 25. c5 b6 26. Kc3 Kf8 27.
Rhe1 Rd7 28. cxb6 axb6 29. Kc4 Ke7 30. c3 Kd6 31. Kb4 Kc7 32. a4 Ra5 33. Ka3
Rd8 34. c4 Rda8 35. Kb2 Kd6 36. Kc3 Kc7 37. Re3 Rd8 38. Rde1 Kd6 39. f4 Kc7 40.
Re5 Ra7 41. g4 Ra5 42. Rxa5 bxa5 43. Re5 Kb6 44. f5 exf5 45. gxf5 Bh5 46. f6
Bg6 47. c5+ Kc7 48. h4 h5 49. Bd1 Rb8 50. Re7+ Kd8 51. Bf3 Rb1 52. Bxc6 Rc1+
53. Kd2 Rf1 54. d5 Rf2+ 55. Kc3 Rf3+ 56. Kd4 Rf4+ 57. Ke3 Rxf6 58. d6 1-0

[Event "BL 9394 Bochum-Bayern"]
[Site "?"]
[Date "1994.??.??"]
[Round "?.7"]
[White "Bischoff, K."]
[Black "Sonntag, HH."]
[Result "1/2-1/2"]
[WhiteElo "2500"]
[BlackElo "2405"]
[PlyCount "128"]
[EventDate "1994.??.??"]

1. c4 Nf6 2. Nc3 g6 3. e4 d6 4. d4 Bg7 5. Nf3 O-O 6. Be2 e5 7. d5 Nbd7 8. Bg5
h6 9. Bh4 g5 10. Bg3 Nh5 11. h4 g4 12. Nh2 Nxg3 13. fxg3 h5 14. O-O a5 15. Rf5
Nf6 16. Rf2 Bh6 17. Nf1 Ne8 18. Bd3 Ng7 19. Qc2 Bd7 20. Re1 Qe7 21. Nd1 f6 22.
Nfe3 Rf7 23. Ref1 b6 24. Nf5 Bxf5 25. Rxf5 Raf8 26. Qe2 Qe8 27. Nc3 Nxf5 28.
Rxf5 Re7 29. Bc2 Qg6 30. Qe1 Rh7 31. Ba4 Re7 32. Bc6 Rh7 33. Kf1 Re7 34. Ke2
Rh7 35. Kd3 Qf7 36. a3 Kg7 37. Qd1 Kg6 38. Qc2 Rhh8 39. Qf2 Kg7 40. Kc2 Rd8 41.
Kb1 Rhf8 42. Nb5 Rc8 43. Qe1 Kg6 44. Kc2 Rcd8 45. Kd3 Rh8 46. Qa1 Rh7 47. b3
Rf8 48. Qa2 Rd8 49. Nc3 Rf8 50. Qb2 Rhh8 51. Rf1 Kg7 52. Qf2 Rd8 53. Qf5 Rhf8
54. Nb5 Kh8 55. Ra1 Kg7 56. Rb1 Rh8 57. Rf1 Rhf8 58. Qe6 Kg6 59. Ke2 Kg7 60.
Qf5 Kh8 61. Kd3 Kg7 62. Ra1 Rh8 63. Re1 Rhg8 64. Kc2 Rh8 1/2-1/2

[Event "BL 9394 Bochum-Bayern"]
[Site "?"]
[Date "1994.??.??"]
[Round "?.8"]
[White "Kassebaum, R."]
[Black "Bezold, M."]
[Result "1-0"]
[WhiteElo "2355"]
[BlackElo "2515"]
[PlyCount "65"]
[EventDate "1994.??.??"]

1. e4 c5 2. Nf3 e6 3. Nc3 a6 4. g3 Qc7 5. Bg2 d6 6. O-O Nf6 7. d4 cxd4 8. Nxd4
Be7 9. Be3 O-O 10. Qe2 Nc6 11. Nxc6 bxc6 12. Na4 Rb8 13. c4 c5 14. Nc3 Nd7 15.
Rac1 Ne5 16. f4 Nc6 17. Qf2 Nd4 18. b3 Bf6 19. e5 dxe5 20. Ne4 Be7 21. fxe5 Nf5
22. Bxc5 Qxe5 23. Bxe7 Nxe7 24. Qc5 Ng6 25. Qxe5 Nxe5 26. Nc5 Nd7 27. Nxd7 Bxd7
28. Rfd1 Rbd8 29. c5 f5 30. c6 Bc8 31. b4 Kf7 32. a4 Ke7 33. b5 1-0

[Event "BL 9394 München 36-Bochum"]
[Site "?"]
[Date "1994.??.??"]
[Round "?.1"]
[White "Dokhoian, Y."]
[Black "Hertneck, G."]
[Result "1-0"]
[WhiteElo "2570"]
[BlackElo "2615"]
[PlyCount "73"]
[EventDate "1994.??.??"]

1. d4 Nf6 2. Nf3 d5 3. c4 c6 4. Nc3 dxc4 5. a4 Bf5 6. Ne5 e6 7. f3 c5 8. e4
cxd4 9. exf5 Nc6 10. Nxc6 bxc6 11. fxe6 fxe6 12. Bxc4 dxc3 13. Qxd8+ Rxd8 14.
bxc3 Nd5 15. Bd2 Be7 16. O-O-O Bf6 17. Rhe1 Kf7 18. Kc2 Rd6 19. Rb1 Rhd8 20.
Rb7+ Kg6 21. Re2 a5 22. Bd3+ Kh5 23. Bxh7 R6d7 24. Rxd7 Rxd7 25. Rxe6 Nb6 26.
Rxc6 Nxa4 27. g4+ Kh4 28. g5 Rxd2+ 29. Kxd2 Kxg5 30. Kc2 Nxc3 31. Rxf6 Kxf6 32.
Kxc3 Kg5 33. Kd2 Kf4 34. Be4 g5 35. h3 Kg3 36. Kc3 Kxh3 37. Bf5+ 1-0

[Event "BL 9394 München 36-Bochum"]
[Site "?"]
[Date "1994.??.??"]
[Round "?.2"]
[White "Stohl, I."]
[Black "Glek, I."]
[Result "1/2-1/2"]
[WhiteElo "2560"]
[BlackElo "2590"]
[PlyCount "83"]
[EventDate "1994.??.??"]

1. Nf3 Nf6 2. c4 g6 3. g3 c6 4. b3 Bg7 5. Bb2 O-O 6. Bg2 d5 7. O-O Bg4 8. d3
Nbd7 9. Nbd2 Re8 10. h3 Bxf3 11. Nxf3 e5 12. cxd5 Nxd5 13. Qc2 Qe7 14. Nd2 a5
15. a3 h5 16. e3 f5 17. e4 Nc7 18. exf5 gxf5 19. Rae1 Ne6 20. Nf3 Qf7 21. Re2
Nec5 22. d4 exd4 23. Rxe8+ Rxe8 24. Nxd4 Bxd4 25. Bxd4 Nxb3 26. Bb2 Ndc5 27.
Bf3 Rd8 28. Rd1 Rxd1+ 29. Bxd1 Qd5 30. Bxh5 Ne4 31. Bf3 Nd4 32. Bxd4 Qxd4 33.
Qb3+ Kh8 34. Bxe4 fxe4 35. Qxb7 e3 36. Qb8+ Kg7 37. Qc7+ Kg8 38. Qb8+ Kg7 39.
Qb7+ Kg8 40. Qb8+ Kg7 41. Qb7+ Kg8 42. Qc8+ 1/2-1/2

[Event "BL 9394 München 36-Bochum"]
[Site "?"]
[Date "1994.??.??"]
[Round "?.3"]
[White "Schulz, KJ."]
[Black "Hodgson, JM."]
[Result "0-1"]
[WhiteElo "2420"]
[BlackElo "2570"]
[PlyCount "75"]
[EventDate "1994.??.??"]

1. d4 Nf6 2. Nf3 c5 3. c4 cxd4 4. Nxd4 e5 5. Nc2 b5 6. cxb5 a6 7. bxa6 Bxa6 8.
e4 Bb7 9. Be2 Nxe4 10. O-O Be7 11. Ne3 O-O 12. Bf3 d5 13. Re1 Bb4 14. Nd2 Ng5
15. Bg4 d4 16. Nf5 Nc6 17. Ne4 Nxe4 18. Rxe4 Qf6 19. h4 Rfe8 20. Bg5 Qg6 21. a3
Bf8 22. Ng3 h6 23. Bd2 Rad8 24. Re1 Qf6 25. h5 d3 26. Bf3 Ba8 27. Bc3 Qd6 28.
Be4 Qf6 29. b4 Rd7 30. Re3 d2 31. Rf3 Qd8 32. b5 Nd4 33. Bxd4 exd4 34. Qc2 Bxe4
35. Nxe4 d3 36. Qa4 Rd4 37. Qd1 Rdxe4 38. Qxd2 0-1

[Event "BL 9394 München 36-Bochum"]
[Site "?"]
[Date "1994.??.??"]
[Round "?.5"]
[White "Jackelen, T."]
[Black "Pezerovic, E."]
[Result "1/2-1/2"]
[WhiteElo "2425"]
[BlackElo "2395"]
[PlyCount "57"]
[EventDate "1994.??.??"]

1. Nf3 Nf6 2. c4 e6 3. g3 b6 4. Bg2 Bb7 5. O-O Be7 6. Nc3 O-O 7. Re1 d5 8. cxd5
Nxd5 9. e4 Nxc3 10. bxc3 Nc6 11. d4 Na5 12. Bf4 Rc8 13. h4 Bd6 14. Bg5 Qe8 15.
a4 Kh8 16. Nd2 f6 17. Be3 e5 18. Nb3 Nxb3 19. Qxb3 a5 20. d5 Ba6 21. Bf1 Bxf1
22. Rxf1 f5 23. exf5 Rxf5 24. Rae1 Qf7 25. Qc2 Rf8 26. Qe4 Qd7 27. f3 R5f6 28.
Kg2 R6f7 29. Rb1 1/2-1/2

[Event "BL 9394 München 36-Bochum"]
[Site "?"]
[Date "1994.??.??"]
[Round "?.6"]
[White "Reich, T."]
[Black "Luecke, N."]
[Result "1/2-1/2"]
[WhiteElo "2385"]
[BlackElo "2410"]
[PlyCount "128"]
[EventDate "1994.??.??"]

1. e4 c5 2. c3 e6 3. d4 d5 4. exd5 exd5 5. Nf3 Bd6 6. dxc5 Bxc5 7. Bb5+ Nc6 8.
O-O Nge7 9. Nbd2 O-O 10. Nb3 Bd6 11. Bg5 Bg4 12. Be2 Qc7 13. Kh1 Rfe8 14. Nfd4
Bxe2 15. Qxe2 Nf5 16. Qd1 Nfxd4 17. Nxd4 Nxd4 18. Qxd4 h6 19. Be3 Bxh2 20. Qxd5
Bf4 21. Qc5 Qxc5 22. Bxc5 Re5 23. Bd4 Rh5+ 24. Kg1 Bh2+ 25. Kh1 Bd6+ 26. Kg1
Bh2+ 27. Kh1 Be5+ 28. Kg1 Bxd4 29. cxd4 Rd8 30. Rfd1 Rhd5 31. Rac1 Rxd4 32.
Rxd4 Rxd4 33. Rc8+ Kh7 34. Rc7 Rb4 35. Rxf7 Rxb2 36. a4 a5 37. g3 b6 38. Kg2
Rb4 39. Rb7 Kg6 40. f4 Kf6 41. Kf3 h5 42. Rd7 g5 43. fxg5+ Kxg5 44. Rd5+ Kg6
45. Rd6+ Kg7 46. Rc6 Kf7 47. Rh6 Ke7 48. Rxh5 Kd6 49. g4 Rxa4 50. Rb5 Kc6 51.
Rb1 b5 52. g5 Rd4 53. g6 a4 54. g7 Rd8 55. Rg1 Rg8 56. Ke4 a3 57. Kd4 a2 58.
Rg6+ Kb7 59. Rg1 Kb6 60. Ra1 Rxg7 61. Rxa2 Rc7 62. Kd3 b4 63. Rc2 Rh7 64. Kc4
Rc7+ 1/2-1/2

[Event "BL 9394 München 36-Bochum"]
[Site "?"]
[Date "1994.??.??"]
[Round "?.7"]
[White "Sonntag, HH."]
[Black "Geisler, F."]
[Result "1-0"]
[WhiteElo "2405"]
[BlackElo "2265"]
[PlyCount "113"]
[EventDate "1994.??.??"]

1. d4 f5 2. Nf3 Nf6 3. g3 g6 4. Bg2 Bg7 5. O-O O-O 6. Nbd2 d6 7. Re1 Nc6 8. e4
fxe4 9. Nxe4 e5 10. dxe5 Nxe4 11. Rxe4 dxe5 12. Qxd8 Rxd8 13. Bg5 Rf8 14. c3 h6
15. Bc1 Be6 16. Re1 Bd5 17. Nd2 Bxg2 18. Kxg2 Rad8 19. Ne4 b6 20. Be3 Na5 21.
b3 Rf7 22. Rad1 Rff8 23. h4 Nb7 24. c4 Rxd1 25. Rxd1 Rd8 26. Rxd8+ Nxd8 27. Kf3
Kf7 28. Nc3 c6 29. Ke4 Ke6 30. Kd3 Nb7 31. Ne4 Bf8 32. f3 Bg7 33. g4 Bf8 34.
Ng3 Be7 35. h5 gxh5 36. Nxh5 Bg5 37. Bf2 Nd8 38. Ke4 Nf7 39. Ng7+ Kf6 40. Nf5
Ke6 41. Bg3 Kf6 42. Bf2 Ke6 43. c5 b5 44. Nd6 Nxd6+ 45. cxd6 a6 46. Bg3 Bf4 47.
Bxf4 exf4 48. Kxf4 Kxd6 49. b4 Kd5 50. g5 hxg5+ 51. Kxg5 Kc4 52. f4 Kxb4 53. f5
c5 54. f6 Ka3 55. f7 Kxa2 56. f8=Q c4 57. Qb4 1-0

[Event "BL 9394 München 36-Bochum"]
[Site "?"]
[Date "1994.??.??"]
[Round "?.8"]
[White "Sandor, C."]
[Black "Buenermann, V."]
[Result "1-0"]
[WhiteElo "2340"]
[BlackElo "2295"]
[PlyCount "59"]
[EventDate "1994.??.??"]

1. e4 d5 2. exd5 Nf6 3. Bb5+ Nbd7 4. c4 a6 5. Ba4 b5 6. cxb5 Nxd5 7. Nf3 N5b6
8. O-O Nxa4 9. Qxa4 Bb7 10. bxa6 Rxa6 11. Qd1 Rf6 12. Ne1 e6 13. d3 Rg6 14. Bf4
Qa8 15. f3 e5 16. Be3 Bc5 17. Qe2 O-O 18. Nc3 Qa7 19. Nc2 Ba6 20. b4 Bxe3+ 21.
Qxe3 Qxe3+ 22. Nxe3 Rd6 23. Rfd1 Rb8 24. a3 Nf6 25. Nc4 Bxc4 26. dxc4 Rd4 27.
Rxd4 exd4 28. Nb5 d3 29. Rd1 Rd8 30. Nxc7 1-0

[Event "BL 9394 Bayern-Castrop Rauxel"]
[Site "?"]
[Date "1994.??.??"]
[Round "?.1"]
[White "Appel, R."]
[Black "Yusupov, A."]
[Result "1/2-1/2"]
[WhiteElo "2430"]
[BlackElo "2665"]
[PlyCount "66"]
[EventDate "1994.??.??"]

1. d4 e6 2. Nf3 f5 3. g3 Nf6 4. Bg2 d5 5. O-O Bd6 6. c4 c6 7. b3 Qe7 8. a4 O-O
9. Ba3 Bxa3 10. Nxa3 Nbd7 11. Qc1 Ne4 12. Qb2 a5 13. Nc2 b6 14. Nce1 Ba6 15.
cxd5 exd5 16. Nd3 c5 17. Nf4 Ndf6 18. Ne5 g5 19. Nfd3 Rac8 20. Rac1 Rfe8 21.
Bh3 g4 22. Bg2 Ng5 23. Nf4 Qd6 24. Rfd1 Bb7 25. Nc4 dxc4 26. Bxb7 Rcd8 27. Qc2
cxd4 28. Qxc4+ Kh8 29. Qb5 Re5 30. Qc6 Qe7 31. Qc7 Rd7 32. Qb8+ Kg7 33. Bg2 Qd6
1/2-1/2

[Event "BL 9394 Bayern-Castrop Rauxel"]
[Site "?"]
[Date "1994.??.??"]
[Round "?.2"]
[White "Ribli, Z."]
[Black "Hoffmann, M."]
[Result "1/2-1/2"]
[WhiteElo "2600"]
[BlackElo "2470"]
[PlyCount "56"]
[EventDate "1994.??.??"]

1. Nf3 c5 2. c4 Nf6 3. Nc3 e6 4. g3 b6 5. Bg2 Bb7 6. O-O Be7 7. d4 cxd4 8. Qxd4
d6 9. Bg5 a6 10. Bxf6 Bxf6 11. Qf4 Bxf3 12. Qxf3 Ra7 13. Rfd1 O-O 14. Rac1 Nd7
15. b3 Qb8 16. Qd3 Be7 17. e3 Rc8 18. a4 Rac7 19. h3 g6 20. f4 Nc5 21. Qb1 Nd7
22. Rd3 Nf6 23. e4 b5 24. axb5 axb5 25. cxb5 d5 26. exd5 Nxd5 27. Bxd5 exd5 28.
Ne2 Rxc1+ 1/2-1/2

[Event "BL 9394 Bayern-Castrop Rauxel"]
[Site "?"]
[Date "1994.??.??"]
[Round "?.3"]
[White "Sehner, N."]
[Black "Kindermann, S."]
[Result "1-0"]
[WhiteElo "2415"]
[BlackElo "2535"]
[PlyCount "53"]
[EventDate "1994.??.??"]

1. g3 d5 2. Bg2 e5 3. c4 c6 4. cxd5 cxd5 5. Qb3 Nf6 6. Nc3 Nc6 7. Nxd5 Nd4 8.
Nxf6+ gxf6 9. Qd1 Qc7 10. Kf1 Be6 11. b3 Nc2 12. Rb1 Nb4 13. Bb2 Nxa2 14. d4
Be7 15. d5 Bd7 16. Bh3 O-O 17. Kg2 Rad8 18. e4 f5 19. Qh5 Qc2 20. Nf3 Qxe4 21.
Rhe1 Qxd5 22. Rxe5 Qd6 23. Rd1 Qxd1 24. Rxe7 Qd6 25. Rxf7 Rxf7 26. Qg5+ Rg7 27.
Qxg7# 1-0

[Event "BL 9394 Bayern-Castrop Rauxel"]
[Site "?"]
[Date "1994.??.??"]
[Round "?.4"]
[White "Boensch, U."]
[Black "Libeau, R."]
[Result "1-0"]
[WhiteElo "2535"]
[BlackElo "2445"]
[PlyCount "55"]
[EventDate "1994.??.??"]

1. d4 Nf6 2. c4 e6 3. Nf3 Bb4+ 4. Bd2 Qe7 5. g3 Nc6 6. Nc3 Bxc3 7. Bxc3 Ne4 8.
Qc2 Nxc3 9. Qxc3 Qb4 10. Qxb4 Nxb4 11. Kd2 b6 12. a3 Na6 13. b4 d6 14. e4 c5
15. Rb1 Bb7 16. Bd3 cxd4 17. Nxd4 Ke7 18. Rhc1 Rhc8 19. f4 Rc7 20. Ke3 Nb8 21.
Nb5 Rd7 22. c5 dxc5 23. bxc5 bxc5 24. e5 Bc6 25. Rxc5 h6 26. Rbc1 a6 27. Nd6
Rxd6 28. exd6+ 1-0

[Event "BL 9394 Bayern-Castrop Rauxel"]
[Site "?"]
[Date "1994.??.??"]
[Round "?.5"]
[White "Dinstuhl, V."]
[Black "Stangl, M."]
[Result "0-1"]
[WhiteElo "2365"]
[BlackElo "2540"]
[PlyCount "52"]
[EventDate "1994.??.??"]

1. d4 d5 2. c4 e6 3. Nc3 c6 4. e3 f5 5. Nf3 Bd6 6. Bd3 Qf6 7. g4 fxg4 8. Ne5
Bxe5 9. dxe5 Qf3 10. Rg1 Qxd1+ 11. Kxd1 Nd7 12. b3 Nxe5 13. Be2 Nf6 14. Bb2 Ng6
15. Bxg4 Nxg4 16. Rxg4 O-O 17. Ke2 e5 18. Rg5 dxc4 19. h4 Nxh4 20. Rxe5 Bg4+
21. Kf1 Rad8 22. Ne4 Ng6 23. Rg5 Bf3 24. Ng3 Rd2 25. Bd4 b6 26. Ke1 Rd3 0-1

[Event "BL 9394 Bayern-Castrop Rauxel"]
[Site "?"]
[Date "1994.??.??"]
[Round "?.6"]
[White "Gabriel, C."]
[Black "Hermesmann, H."]
[Result "1-0"]
[WhiteElo "2530"]
[BlackElo "2295"]
[PlyCount "35"]
[EventDate "1994.??.??"]

1. d4 Nf6 2. c4 e6 3. Nc3 Bb4 4. Qc2 O-O 5. Nf3 d5 6. a3 Bxc3+ 7. Qxc3 dxc4 8.
Qxc4 b6 9. Bf4 Ba6 10. Qc2 Qd5 11. Rc1 Rc8 12. g3 c5 13. Bg2 Bb7 14. O-O Na6
15. dxc5 Nxc5 16. Rfd1 Qh5 17. b4 Nce4 18. Qxc8+ 1-0

[Event "BL 9394 Bayern-Castrop Rauxel"]
[Site "?"]
[Date "1994.??.??"]
[Round "?.7"]
[White "Hennig, D."]
[Black "Bischoff, K."]
[Result "0-1"]
[WhiteElo "2330"]
[BlackElo "2500"]
[PlyCount "128"]
[EventDate "1994.??.??"]

1. d4 Nf6 2. Bg5 e6 3. e4 h6 4. Bxf6 Qxf6 5. Nc3 Bb4 6. Qd2 d6 7. O-O-O Nd7 8.
Kb1 O-O 9. f4 e5 10. Nge2 exd4 11. Qxd4 Qxd4 12. Nxd4 Bxc3 13. bxc3 a6 14. Bd3
Nc5 15. Kc1 Re8 16. Rde1 b5 17. Re3 Na4 18. Be2 c5 19. Nb3 Bb7 20. Bf3 f5 21.
e5 Bxf3 22. gxf3 dxe5 23. Rhe1 e4 24. Nd2 Rf8 25. c4 exf3 26. Rxf3 Rfe8 27.
Rfe3 Kf7 28. Nf3 Rxe3 29. Rxe3 Rd8 30. cxb5 axb5 31. h4 Kf6 32. h5 b4 33. Re5
c4 34. Rb5 Nc3 35. Rb6+ Ke7 36. Rb7+ Rd7 37. Rxd7+ Kxd7 38. Nd4 Ke7 39. Nc6+
Kd6 40. Nd4 Kd5 41. Nxf5 Nxa2+ 42. Kb2 Nc3 43. Nxg7 Ke4 44. Ne6 Nd1+ 45. Kc1
Ne3 46. Kb2 Kf5 47. Nd4+ Kxf4 48. Nc6 Nd5 49. Na5 Nb6 50. Nc6 Na4+ 51. Ka2 Nc3+
52. Kb2 Nd5 53. Na5 c3+ 54. Kb3 Kg4 55. Kc4 Ne3+ 56. Kd3 Ng2 57. Kc4 Kxh5 58.
Kxb4 Kg4 59. Nc6 h5 60. Ne5+ Kg3 61. Ng6 Nf4 62. Ne7 Kg4 63. Nc6 h4 64. Ne5+
Kg3 0-1

[Event "BL 9394 Bayern-Castrop Rauxel"]
[Site "?"]
[Date "1994.??.??"]
[Round "?.8"]
[White "Bezold, M."]
[Black "Doering, T."]
[Result "1/2-1/2"]
[WhiteElo "2515"]
[BlackElo "2215"]
[PlyCount "82"]
[EventDate "1994.??.??"]

1. c4 b6 2. Nc3 Bb7 3. Nf3 Nf6 4. d4 e6 5. a3 d5 6. Qc2 Be7 7. cxd5 Nxd5 8. Bd2
Nd7 9. e4 Nxc3 10. Bxc3 O-O 11. O-O-O c5 12. Bb5 a6 13. Bxd7 Qxd7 14. dxc5 Qb5
15. Ne5 Rfd8 16. cxb6 Qxb6 17. Kb1 f6 18. Rxd8+ Rxd8 19. Nf3 Rc8 20. Ka2 Bc5
21. Rf1 a5 22. Qa4 Bc6 23. Qxa5 Bxe4 24. Qxb6 Bxb6 25. Ka1 Kf7 26. Re1 Bxf3 27.
gxf3 Bxf2 28. Rd1 g5 29. a4 h5 30. a5 e5 31. h3 Ke6 32. Kb1 f5 33. Rf1 Bd4 34.
Bxd4 exd4 35. Rg1 Rg8 36. Kc2 Kd5 37. Kd3 g4 38. fxg4 fxg4 39. hxg4 hxg4 40.
Rg3 Kc5 41. a6 Kb4 1/2-1/2

[Event "BL 9394 Dortmund-München 36"]
[Site "?"]
[Date "1994.??.??"]
[Round "?.1"]
[White "Hertneck, G."]
[Black "Beckhuis, G."]
[Result "1-0"]
[WhiteElo "2615"]
[BlackElo "2195"]
[PlyCount "85"]
[EventDate "1994.??.??"]

1. c4 g6 2. g3 Bg7 3. Bg2 Nf6 4. Nc3 O-O 5. e4 d6 6. Nge2 c5 7. a3 Nc6 8. Rb1
a5 9. d3 Ne8 10. O-O Nc7 11. Be3 Ne6 12. Nb5 Ned4 13. Nexd4 cxd4 14. Bc1 a4 15.
b3 axb3 16. Rxb3 Nb8 17. Bb2 e5 18. f4 Na6 19. a4 Nc5 20. Ra3 Ra6 21. f5 Bh6
22. Bc1 Bxc1 23. Qxc1 Kg7 24. f6+ Kh8 25. a5 Bd7 26. Qd2 Rg8 27. h4 Be6 28. Kh2
b6 29. axb6 Rxa3 30. Nxa3 Qxb6 31. Bh3 Bxh3 32. Kxh3 Qb3 33. Nb5 Qxd3 34. Qxd3
Nxd3 35. Nxd6 Rf8 36. Rb1 Nf2+ 37. Kg2 Ng4 38. c5 Nxf6 39. c6 Ng8 40. c7 Ne7
41. Rb8 Kg8 42. g4 f6 43. Rd8 1-0

[Event "BL 9394 Dortmund-München 36"]
[Site "?"]
[Date "1994.??.??"]
[Round "?.2"]
[White "Mainka, G."]
[Black "Stohl, I."]
[Result "0-1"]
[WhiteElo "2385"]
[BlackElo "2560"]
[PlyCount "58"]
[EventDate "1994.??.??"]

1. d4 Nf6 2. Nf3 g6 3. g3 Bg7 4. Bg2 O-O 5. O-O d6 6. Nc3 Nbd7 7. e4 e5 8. Re1
b6 9. a4 a5 10. b3 Bb7 11. Bb2 Re8 12. Qd2 exd4 13. Nxd4 Nc5 14. f3 Re7 15.
Rad1 Qd7 16. Qc1 Rae8 17. Ndb5 Qc8 18. Qa1 Nh5 19. g4 Nf4 20. Nd5 Bxd5 21. Bxg7
Nxg2 22. Kxg2 Bxe4 23. Rxe4 Nxe4 24. h3 Nc5 25. Bf6 Re2+ 26. Kg3 R8e3 27. Nc3
Qe6 28. Nxe2 Ne4+ 29. Kg2 Rxe2+ 0-1

[Event "BL 9394 Dortmund-München 36"]
[Site "?"]
[Date "1994.??.??"]
[Round "?.4"]
[White "Lingnau, C."]
[Black "Ruf, M."]
[Result "1-0"]
[WhiteElo "2395"]
[BlackElo "2395"]
[PlyCount "112"]
[EventDate "1994.??.??"]

1. d4 Nf6 2. c4 e6 3. Nc3 Bb4 4. Qc2 Nc6 5. Nf3 d5 6. cxd5 exd5 7. Bg5 O-O 8.
e3 Be7 9. a3 Nh5 10. Bxe7 Nxe7 11. Bd3 g6 12. h3 Ng7 13. g4 a5 14. O-O-O c6 15.
Rdg1 b5 16. h4 Qd6 17. h5 b4 18. Nb1 Ba6 19. Bxa6 Rxa6 20. hxg6 hxg6 21. Ne5 c5
22. Rh6 Rc8 23. Rh8+ Kxh8 24. Nxf7+ Kg8 25. Nxd6 Rxd6 26. dxc5 Rdc6 27. axb4
axb4 28. Qb3 Ne6 29. Qxb4 Nxc5 30. Kd1 R6c7 31. Nc3 Rb7 32. Qa3 Nd3 33. Ke2
Nxb2 34. Rb1 Nc4 35. Qa6 Rxb1 36. Nxb1 Kf7 37. Nd2 Rc6 38. Qa2 Ne5 39. g5 Ke6
40. Qa4 Rb6 41. Qa3 N5c6 42. Qc3 Rb4 43. Nf3 Re4 44. Kf1 Kd7 45. Qg7 Kd6 46.
Qf6+ Kd7 47. Ne1 Re6 48. Qf4 Re4 49. Qg3 Nf5 50. Qh3 Rh4 51. Qf3 Kd6 52. Nd3
Ne5 53. Nxe5 Kxe5 54. Qe2 Rh1+ 55. Kg2 Rb1 56. Qa6 Rb2 1-0